000 01950nam0a2200457 4500
001 RU\NLR\bibl\302315
005 20260408172816.0
010 _a5-7017-0387-8
_9500
021 _aRU
_b2002-21308
_91070
035 _a(NLR Aleph) 000297497
090 _a1742623
_c1742623
100 _a20020828d2001 |||y0rusy50 ca
101 0 _arus
102 _aRU
105 _ay |||||||||
200 1 _aВ.Ф. Одоевский в музыкальной культуре России XIX века
_fМещерина Е.Г.
210 _aМ.
_cМоск. пед. ун-т
_d2001
215 _a86 с.
_d21
320 _aБиблиогр. в примеч.: 70-83
600 1 _aОдоевский
_bВ.Ф.
_f1803 - 1869
_gВладимир Федорович
_xкак музыкальный критик
_91938586
_3RU\NLR\auth\66885688
600 1 _aОдоевский
_gВладимир Федорович
_bВ.Ф.
_f1803 - 1869
_3RU\NLR\auth\66721479
_91633110
606 0 _aМузыкальная культура
_yРоссия
_z19 в.
_2nlr_sh
610 0 _aРусская литература
610 0 _aМузыкальная культура в России - История
610 0 _aРоссия (до 1917 г.), музыка
675 _a78.07(47+57)(091)<18>
_v3
_zrus
686 _a18.41
_2rugasnti
686 _a85.313(2)
_2rubbk
686 _aШ5(2=Р)51-4Одоевский
686 _aЩ31г(2Р=Рус)5дОдоевский
686 _aЩ313(2Р=Рус)5
700 1 _aМещерина
_bЕ. Г.
_gЕлена Григорьевна
_4070
702 1 _4570
_8rus
_7ca
_aОдоевский
_bВ. Ф.
_f1804-1869
_gВладимир Федорович
_3RU\NLR\AUTH\7711389
_9121136
801 0 _aRU
_bRKP
_c20020828
_gPSBO
801 1 _aRU
_bRKP
_c20020828
801 2 _aRU
_bNLR
_c20021009
_grcr
942 _cBOOK
980 _aNB